00442nam a2200145 a 450000100100000000500170001000800410002704000250006808200150009310000240010824500710013226000340020330000360023770000230027300003649420200930075749.0120118s1960 enka 000 0 spa d aDO-SdBNPbspacBNPHU axxxbH519b1 aHenrot, Thérése10aBelgium /cThérése Henrot ; english version Robert Erich Wolf. aLondon :bVista Books,c1960. a191 p. :bil., retrs. ;c18 cm.1 aWolf, Robert Erich